000 00602nam a2200193Ia 4500
003 IN-BaIIA
008 211028s9999 xx 000 0 eng d
020 _a0-387-90348-8
040 _cIIA Library
080 _a92:51
_bSTI
100 _aStillman, Beatrice
_914383
245 0 _aSofya Kovalevskaya : a Russian childwood
_cBeatrice Stillman
260 _aNew York
_bSpringer-Verlag
_c1978
300 _axiii, 250p.
650 _aBiography-Sofya Kovalevskaya
_914384
650 _aNASA Thesaurus
650 _aSofya Kovalevskaya Biography
_914385
942 _cBK
999 _c8575
_d8575